000 00814cam a2200253 a 4500
001 2614611
005 20180130050527.0
008 980227s1999 nyua b 001 0 eng
010 _a 98015421
020 _a0195050002 (alk. paper)
040 _aDLC
_cDLC
_dDLC
041 _aeng
043 _ae-ur---
080 _a306.0947 FIT
082 0 0 _a306.0947 FIT
_221
100 1 _a19
101 _aHIS
245 1 0 _aEveryday Stalinism :
_cSheila Fitzpatrick.
504 _aIncludes bibliographical references (p. [229]-280) and index.
906 _a7
_bcbc
_corignew
_d1
_eocip
_f19
_gy-gencatlg
942 _2ddc
_cBK
999 _c41260
_d41260